Riyadh-us-Saleheen (Vol I) (Record no. 8521)
[ view plain ]
| 000 -LEADER | |
|---|---|
| fixed length control field | 00303 a2200109 4500 |
| 082 ## - DEWEY DECIMAL CLASSIFICATION NUMBER | |
| Classification number | 297.12 |
| 245 ## - TITLE STATEMENT | |
| Title | Riyadh-us-Saleheen (Vol I) |
| Statement of responsibility, etc. | Allama Abdul Rasool Arshad |
| Medium | [Urdu] |
| 260 ## - PUBLICATION, DISTRIBUTION, ETC. | |
| Place of publication, distribution, etc. | Lahore: |
| Name of publisher, distributor, etc. | Zia-ul-Quran Publicatins, |
| Date of publication, distribution, etc. | 1997. |
| 300 ## - PHYSICAL DESCRIPTION | |
| Extent | 436 p. ; |
| Dimensions | 25 cm. |
| 650 ## - SUBJECT ADDED ENTRY--TOPICAL TERM | |
| Topical term or geographic name entry element | Hadith. |
| 942 ## - ADDED ENTRY ELEMENTS (KOHA) | |
| Koha item type | Book |
| Call number prefix | 297.12 ARS |
| Withdrawn status | Lost status | Source of classification or shelving scheme | Damaged status | Not for loan | Permanent Location | Current Location | Shelving location | Date acquired | Total Checkouts | Total Renewals | Full call number | Barcode | Date last seen | Date last checked out | Price effective from | Koha item type |
|---|---|---|---|---|---|---|---|---|---|---|---|---|---|---|---|---|
| NUST Law School (NLS) | NUST Law School (NLS) | General Stacks | 06/02/2014 | 3 | 4 | 297.124 ARS | SEECS000226 | 08/15/2024 | 07/12/2021 | 01/05/2017 | Book |
